Conceptos y categorías: ensayos filosóficos
Salvato in:
| Autore principale: | |
|---|---|
| Natura: | Libro |
| Lingua: | spagnolo |
| Pubblicazione: |
Ciudad de México
Fondo de Cultura Económica
1983
|
| Edizione: | 1a. ed |
| Serie: | Sección de Obras de Filosofía
|
| Soggetti: | |
| Tags: |
Aggiungi Tag
Nessun Tag, puoi essere il primo ad aggiungerne!!
|
MARC
| LEADER | 00000cam a2200000 a 4500 | ||
|---|---|---|---|
| 001 | UCE8863 | ||
| 003 | CL-VaPUC | ||
| 008 | 150904e19830000mx |||||||||||||||||spa|d | ||
| 020 | |a 9789681613600 | ||
| 082 | 0 | 4 | |a 192 |b BER |2 21 |
| 100 | |a Berlin, Isaiah |e author |9 581668 | ||
| 245 | 1 | 0 | |a Conceptos y categorías: ensayos filosóficos |
| 250 | |a 1a. ed | ||
| 300 | |a 322 p | ||
| 942 | |c BK | ||
| 945 | |d 20150904 11:50:00 |a gsalatino | ||
| 260 | |a Ciudad de México |b Fondo de Cultura Económica |c 1983 | ||
| 650 | 0 | |a Lógica |9 256849 | |
| 650 | 0 | |a Filosofía |9 223554 | |
| 583 | |a last modification |c 20150904 11:50:00 |k Rodrigo Vera | ||
| 490 | 0 | |a Sección de Obras de Filosofía | |
| 999 | |c 360626 |d 360624 | ||
| 952 | |0 0 |1 0 |3 erb |4 0 |6 192_000000000000000_BER_1983 |7 0 |8 A |9 470508 |a BIBEDU |b BIBEDU |i 519685K |o 192 BER 1983 |p 519685K |r 2019-11-23 |w 2019-11-23 |y BK |z Catalogado en:20150904 |k FIL | ||
| 952 | |0 0 |1 0 |3 erb |4 0 |6 192_000000000000000_BER_1983 |7 0 |8 A |9 470509 |a FDOHBE |b FDOHBE |e Huesbe Llanos, Marco Antonio, 1934- |i 5304504 |o 192 BER 1983 |p 5304504 |r 2024-01-30 |w 2019-11-23 |y BK |z Catalogado en:20160520 |k HBE | ||